[Event "WCO 2016"]
[Site "?"]
[Date "2016.09.09"]
[Round "7"]
[Board "22"]
[WhiteID "14400839"]
[White "Boric Elena"]
[BlackID "14700395"]
[Black "Nasriddinzoda Marvorii"]
[Result "1/2-1/2"]
[BlackElo "2073"]
[WhiteElo "2216"]
[LiveChessVersion "1.4.8"]

1. e4 {[%clk 1:30:36]} d6 {[%clk 1:30:42]} 2. d4 {[%clk 1:30:50]} Nf6
{[%clk 1:30:49]} 3. Nc3 {[%clk 1:30:42]} e5 {[%clk 1:30:51]} 4. Nf3
{[%clk 1:29:48]} Nbd7 {[%clk 1:30:42]} 5. Bc4 {[%clk 1:28:44]} Be7
{[%clk 1:30:12]} 6. O-O {[%clk 1:26:48]} O-O {[%clk 1:30:18]} 7. a4
{[%clk 1:24:37]} c6 {[%clk 1:30:19]} 8. Ba2 {[%clk 1:22:55]} Qc7 {[%clk 1:22:19]}
9. Bg5 {[%clk 1:22:14]} Re8 {[%clk 1:17:45]} 10. h3 {[%clk 1:14:20]} Nf8
{[%clk 1:15:18]} 11. Qd2 {[%clk 1:07:05]} Ne6 {[%clk 1:00:58]} 12. Bh4
{[%clk 0:56:10]} h6 {[%clk 0:40:57]} 13. dxe5 {[%clk 0:48:09]} dxe5
{[%clk 0:40:11]} 14. Bg3 {[%clk 0:48:21]} Rd8 {[%clk 0:31:49]} 15. Qc1
{[%clk 0:24:54]} Bd6 {[%clk 0:27:29]} 16. Rd1 {[%clk 0:21:31]} Nh5
{[%clk 0:17:37]} 17. Bh2 {[%clk 0:12:33]} Nef4 {[%clk 0:14:47]} 18. Qe3
{[%clk 0:11:51]} Qe7 {[%clk 0:14:05]} 19. Rd2 {[%clk 0:11:13]} Re8
{[%clk 0:11:23]} 20. Ne1 {[%clk 0:05:39]} Bc5 {[%clk 0:10:30]} 21. Qf3
{[%clk 0:05:31]} Qg5 {[%clk 0:08:08]} 22. Kh1 {[%clk 0:05:21]} Ne6
{[%clk 0:02:19]} 23. Rad1 {[%clk 0:05:34]} Nhf4 {[%clk 0:02:25]} 24. Qg3
{[%clk 0:03:58]} Qf6 {[%clk 0:02:27]} 25. Nd3 {[%clk 0:02:24]} Nxd3
{[%clk 0:01:50]} 26. Qxd3 {[%clk 0:02:36]} Nf4 {[%clk 0:01:35]} 27. Qf3
{[%clk 0:02:23]} Be6 {[%clk 0:00:55]} 28. Bxe6 {[%clk 0:02:30]} Rxe6
{[%clk 0:01:05]} 29. Ne2 {[%clk 0:02:19]} Nxe2 {[%clk 0:01:17]} 30. Qxe2
{[%clk 0:02:26]} Rae8 {[%clk 0:01:15]} 31. c3 {[%clk 0:02:19]} a5
{[%clk 0:00:57]} 32. Bg3 {[%clk 0:02:29]} R6e7 {[%clk 0:01:05]} 33. Qc4
{[%clk 0:02:26]} Ba7 {[%clk 0:01:10]} 34. Rd3 {[%clk 0:01:44]} Qe6
{[%clk 0:01:26]} 35. Qxe6 {[%clk 0:02:00]} Rxe6 {[%clk 0:01:49]} 36. Rd7
{[%clk 0:02:13]} R6e7 {[%clk 0:02:02]} 37. Kg1 {[%clk 0:02:21]} f6
{[%clk 0:01:57]} 38. Kf1 {[%clk 0:02:44]} Kf7 {[%clk 0:02:17]} 39. Ke2
{[%clk 0:02:40]} Rxd7 {[%clk 0:02:20]} 40. Rxd7+ {[%clk 0:33:03]} Re7
{[%clk 0:32:49]} 41. Rd3 {[%clk 0:27:39]} Bc5 {[%clk 0:30:06]} 42. f3
{[%clk 0:27:47]} Ke6 {[%clk 0:29:55]} 43. Be1 {[%clk 0:27:45]} Bd6
{[%clk 0:16:38]} 44. Kd1 {[%clk 0:27:37]} b6 {[%clk 0:16:27]} 45. Kc2
{[%clk 0:27:15]} Rb7 {[%clk 0:16:18]} 46. h4 {[%clk 0:25:21]} h5 {[%clk 0:15:42]}
47. Bd2 {[%clk 0:23:30]} Bc5 {[%clk 0:13:06]} 48. f4 {[%clk 0:22:46]} exf4
{[%clk 0:12:26]} 49. Bxf4 {[%clk 0:22:53]} Be7 {[%clk 0:09:19]} 50. Rf3
{[%clk 0:21:04]} b5 {[%clk 0:08:28]} 51. axb5 {[%clk 0:20:54]} cxb5
{[%clk 0:08:56]} 52. Be3 {[%clk 0:21:01]} Bd6 {[%clk 0:08:36]} 53. Rf1
{[%clk 0:19:34]} Bg3 {[%clk 0:05:17]} 54. Rf3 {[%clk 0:19:02]} Be5
{[%clk 0:05:14]} 55. Rf5 {[%clk 0:18:53]} g6 {[%clk 0:05:31]} 56. Rf1
{[%clk 0:18:32]} Bg3 {[%clk 0:03:41]} 57. Rh1 {[%clk 0:17:25]} b4
{[%clk 0:02:19]} 58. Ra1 {[%clk 0:16:19]} bxc3 {[%clk 0:01:49]} 59. bxc3
{[%clk 0:16:19]} Rb5 {[%clk 0:01:51]} 60. Bd2 {[%clk 0:09:25]} 1/2-1/2

[Event "WCO 2016"]
[Site "?"]
[Date "2016.09.09"]
[Round "7"]
[Board "23"]
[WhiteID "14700204"]
[White "Hotami Mutriba"]
[BlackID "14403668"]
[Black "Jacimovic Sara"]
[Result "1/2-1/2"]
[BlackElo "1992"]
[WhiteElo "1735"]
[LiveChessVersion "1.4.8"]

1. e4 {[%clk 1:30:58]} e5 {[%clk 1:30:54]} 2. Nf3 {[%clk 1:30:54]} Nc6
{[%clk 1:31:14]} 3. Bb5 {[%clk 1:31:15]} a6 {[%clk 1:31:35]} 4. Ba4
{[%clk 1:31:40]} Nf6 {[%clk 1:31:57]} 5. d3 {[%clk 1:32:06]} b5 {[%clk 1:23:45]}
6. Bb3 {[%clk 1:32:28]} Bc5 {[%clk 1:22:29]} 7. c3 {[%clk 1:31:29]} O-O
{[%clk 1:21:21]} 8. O-O {[%clk 1:28:46]} d6 {[%clk 1:13:23]} 9. Bg5
{[%clk 1:27:07]} h6 {[%clk 1:08:03]} 10. Be3 {[%clk 1:24:18]} Ba7
{[%clk 1:04:07]} 11. Nbd2 {[%clk 1:17:03]} Ne7 {[%clk 1:00:57]} 12. a4
{[%clk 1:10:48]} c5 {[%clk 0:52:32]} 13. axb5 {[%clk 1:07:55]} axb5
{[%clk 0:52:28]} 14. d4 {[%clk 1:08:18]} Qc7 {[%clk 0:52:03]} 15. d5
{[%clk 0:53:03]} c4 {[%clk 0:40:38]} 16. Bc2 {[%clk 0:49:50]} Ng6
{[%clk 0:33:47]} 17. Qe2 {[%clk 0:47:35]} Bd7 {[%clk 0:32:32]} 18. Kh1
{[%clk 0:40:33]} Ng4 {[%clk 0:28:52]} 19. h3 {[%clk 0:27:11]} Nxe3
{[%clk 0:22:24]} 20. fxe3 {[%clk 0:27:34]} Qc5 {[%clk 0:22:18]} 21. Rfe1
{[%clk 0:27:02]} Bb6 {[%clk 0:22:04]} 22. Rac1 {[%clk 0:22:50]} Ra2
{[%clk 0:20:03]} 23. b4 {[%clk 0:21:31]} Qc7 {[%clk 0:17:25]} 24. Bb1
{[%clk 0:20:36]} Ra3 {[%clk 0:16:05]} 25. Nf1 {[%clk 0:17:54]} Ne7
{[%clk 0:15:02]} 26. Nh4 {[%clk 0:17:35]} g6 {[%clk 0:13:41]} 27. Qf3
{[%clk 0:14:57]} Kg7 {[%clk 0:13:30]} 28. g4 {[%clk 0:13:31]} Qd8
{[%clk 0:12:17]} 29. Ng2 {[%clk 0:13:06]} h5 {[%clk 0:09:09]} 30. gxh5
{[%clk 0:10:44]} Rh8 {[%clk 0:09:24]} 31. Ng3 {[%clk 0:08:25]} Ng8
{[%clk 0:07:32]} 32. Rf1 {[%clk 0:07:44]} Qf6 {[%clk 0:07:05]} 33. Qe2
{[%clk 0:07:13]} Qg5 {[%clk 0:06:05]} 34. Qf3 {[%clk 0:07:02]} Qf6
{[%clk 0:06:19]} 35. Qe2 {[%clk 0:07:26]} Qg5 {[%clk 0:06:35]} 36. Qf3
{[%clk 0:06:38]} f6 {[%clk 0:02:45]} 37. h4 {[%clk 0:06:01]} Qg4 {[%clk 0:02:20]}
38. Qxg4 {[%clk 0:04:04]} Bxg4 {[%clk 0:02:45]} 39. hxg6 {[%clk 0:04:27]} Kxg6
{[%clk 0:03:03]} 40. Nf5 {[%clk 0:34:03]} Bc7 {[%clk 0:32:24]} 41. Kh2
{[%clk 0:31:33]} Nh6 {[%clk 0:29:30]} 42. Kg3 {[%clk 0:29:08]} Bh5
{[%clk 0:28:56]} 43. Rf2 {[%clk 0:26:04]} Kf7 {[%clk 0:22:43]} 44. Nxh6+
{[%clk 0:19:40]} Rxh6 {[%clk 0:23:06]} 45. Ra2 {[%clk 0:18:28]} Rg6+
{[%clk 0:22:37]} 46. Kf2 {[%clk 0:18:40]} Rxa2+ {[%clk 0:21:36]} 47. Bxa2
{[%clk 0:19:06]} Rg8 {[%clk 0:21:28]} 48. Bb1 {[%clk 0:16:51]} Ra8
{[%clk 0:20:53]} 49. Ne1 {[%clk 0:14:58]} Ra3 {[%clk 0:19:47]} 50. Nf3
{[%clk 0:14:21]} Bb6 {[%clk 0:17:08]} 51. Nd2 {[%clk 0:13:12]} Bg6
{[%clk 0:15:13]} 52. Kf3 {[%clk 0:11:35]} Bh5+ {[%clk 0:15:26]} 53. Kf2
{[%clk 0:11:50]} Bg6 {[%clk 0:14:14]} 54. Kf3 {[%clk 0:11:50]} Bh5+
{[%clk 0:13:54]} 55. Kf2 {[%clk 0:12:12]} Bg6 {[%clk 0:10:06]} 56. Kf3 1/2-1/2

[Event "WCO 2016"]
[Site "?"]
[Date "2016.09.09"]
[Round "7"]
[Board "24"]
[WhiteID "14401550"]
[White "Mahmutbegovic Nadina"]
[BlackID "14700255"]
[Black "Odinaeva Saodat"]
[Result "1/2-1/2"]
[BlackElo "1881"]
[WhiteElo "1908"]
[LiveChessVersion "1.4.8"]

1. e4 {[%clk 1:30:54]} e6 {[%clk 1:30:55]} 2. d4 {[%clk 1:31:18]} d5
{[%clk 1:31:24]} 3. exd5 {[%clk 1:31:26]} exd5 {[%clk 1:31:47]} 4. Bd3
{[%clk 1:31:52]} Bd6 {[%clk 1:30:56]} 5. Nf3 {[%clk 1:32:12]} Nf6
{[%clk 1:30:35]} 6. O-O {[%clk 1:32:30]} O-O {[%clk 1:31:01]} 7. Bg5
{[%clk 1:31:58]} Be6 {[%clk 1:30:29]} 8. Nbd2 {[%clk 1:31:24]} c6
{[%clk 1:30:46]} 9. Re1 {[%clk 1:30:29]} Nbd7 {[%clk 1:31:02]} 10. Ne5
{[%clk 1:29:20]} Qc7 {[%clk 1:31:02]} 11. Ndf3 {[%clk 1:28:51]} Rae8
{[%clk 1:27:43]} 12. c3 {[%clk 1:17:19]} Ng4 {[%clk 1:23:01]} 13. Bf4
{[%clk 1:02:14]} h6 {[%clk 1:16:36]} 14. h3 {[%clk 0:58:48]} Ngf6
{[%clk 1:15:14]} 15. Bc2 {[%clk 0:47:26]} c5 {[%clk 1:12:12]} 16. Nxd7
{[%clk 0:46:03]} Bxd7 {[%clk 1:07:29]} 17. Bxd6 {[%clk 0:45:50]} Qxd6
{[%clk 1:07:24]} 18. Ne5 {[%clk 0:41:58]} Bc6 {[%clk 1:05:05]} 19. Re3
{[%clk 0:33:58]} Re7 {[%clk 0:57:56]} 20. Qd3 {[%clk 0:27:22]} Rfe8
{[%clk 0:52:27]} 21. Rae1 {[%clk 0:26:05]} Ne4 {[%clk 0:44:59]} 22. f3
{[%clk 0:19:46]} c4 {[%clk 0:43:10]} 23. Qe2 {[%clk 0:20:35]} Ng3
{[%clk 0:40:33]} 24. Qf2 {[%clk 0:20:53]} Nh5 {[%clk 0:40:11]} 25. Qh4
{[%clk 0:19:28]} Nf6 {[%clk 0:37:59]} 26. Qf2 {[%clk 0:16:47]} Bd7
{[%clk 0:36:06]} 27. R1e2 {[%clk 0:12:22]} Bc8 {[%clk 0:35:08]} 28. Qe1
{[%clk 0:12:30]} Be6 {[%clk 0:35:31]} 29. f4 {[%clk 0:11:18]} Qc7
{[%clk 0:26:49]} 30. f5 {[%clk 0:03:46]} Bc8 {[%clk 0:24:52]} 31. Nxc4
{[%clk 0:03:41]} Rxe3 {[%clk 0:21:08]} 32. Rxe3 {[%clk 0:04:04]} Rxe3
{[%clk 0:17:31]} 33. Nxe3 {[%clk 0:04:30]} Qf4 {[%clk 0:16:10]} 34. Nxd5
{[%clk 0:04:03]} Nxd5 {[%clk 0:16:24]} 35. Qe8+ {[%clk 0:04:27]} Kh7
{[%clk 0:16:39]} 36. f6+ {[%clk 0:04:52]} Bf5 {[%clk 0:17:08]} 37. Bxf5+
{[%clk 0:02:26]} Qxf5 {[%clk 0:17:24]} 38. Qxf7 {[%clk 0:02:38]} Nxf6
{[%clk 0:17:45]} 39. Qxb7 {[%clk 0:02:19]} Ne4 {[%clk 0:13:17]} 40. Qc7
{[%clk 0:30:44]} Qf2+ {[%clk 0:43:31]} 41. Kh2 {[%clk 0:31:09]} Nd2
{[%clk 0:43:04]} 42. Kh1 {[%clk 0:29:29]} Nf1 {[%clk 0:42:53]} 43. Qe5
{[%clk 0:28:47]} Nd2 {[%clk 0:31:02]} 44. d5 {[%clk 0:25:28]} Qf1+
{[%clk 0:30:26]} 45. Kh2 {[%clk 0:20:06]} Qf2 {[%clk 0:30:48]} 46. Kh1
{[%clk 0:19:56]} Qf1+ {[%clk 0:28:42]} 47. Kh2 {[%clk 0:20:21]} Qd3
{[%clk 0:20:12]} 48. b3 {[%clk 0:15:34]} Qc2 {[%clk 0:19:39]} 49. Kh1
{[%clk 0:15:20]} Qd1+ {[%clk 0:16:06]} 50. Kh2 {[%clk 0:15:40]} Nf1+
{[%clk 0:16:27]} 51. Kg1 {[%clk 0:15:09]} Ne3+ {[%clk 0:16:16]} 52. Kh2
{[%clk 0:14:57]} Nxd5 {[%clk 0:14:51]} 53. Qf5+ {[%clk 0:11:37]} Kg8
{[%clk 0:14:49]} 54. Qe6+ {[%clk 0:11:43]} Kf8 {[%clk 0:14:50]} 55. Qd6+
{[%clk 0:11:18]} Kf7 {[%clk 0:14:28]} 56. Qd7+ {[%clk 0:09:04]} Kg6
{[%clk 0:14:43]} 57. c4 {[%clk 0:04:43]} Nc3 {[%clk 0:13:40]} 58. Qe6+
{[%clk 0:01:59]} Kh7 {[%clk 0:13:41]} 59. Qf5+ {[%clk 0:01:57]} Kg8
{[%clk 0:13:44]} 60. Qe6+ {[%clk 0:01:59]} Kf8 {[%clk 0:10:57]} 61. Qf5+
{[%clk 0:02:20]} Kg8 {[%clk 0:11:07]} 62. Qe6+ {[%clk 0:02:44]} Kh8
{[%clk 0:11:24]} 63. Qc8+ {[%clk 0:02:38]} Kh7 {[%clk 0:11:46]} 64. Qf5+
{[%clk 0:03:06]} Kg8 {[%clk 0:11:37]} 65. Qe6+ 1/2-1/2

[Event "WCO 2016"]
[Site "?"]
[Date "2016.09.09"]
[Round "7"]
[Board "21"]
[WhiteID "7900970"]
[White "Mezioud Amina"]
[BlackID "13800221"]
[Black "Samaganova Alexandra"]
[Result "1-0"]
[BlackElo "2048"]
[WhiteElo "2043"]
[LiveChessVersion "1.4.8"]

1. e4 {[%clk 1:30:33]} c5 {[%clk 1:30:50]} 2. c3 {[%clk 1:30:57]} Nf6
{[%clk 1:31:04]} 3. e5 {[%clk 1:31:19]} Nd5 {[%clk 1:31:21]} 4. d4
{[%clk 1:31:41]} cxd4 {[%clk 1:31:09]} 5. Nf3 {[%clk 1:32:02]} e6
{[%clk 1:28:14]} 6. cxd4 {[%clk 1:29:44]} d6 {[%clk 1:26:51]} 7. Nc3
{[%clk 1:26:23]} Nxc3 {[%clk 1:17:09]} 8. bxc3 {[%clk 1:26:46]} Qc7
{[%clk 1:17:23]} 9. Qb3 {[%clk 1:20:35]} Nc6 {[%clk 1:01:47]} 10. exd6
{[%clk 1:17:19]} Bxd6 {[%clk 1:01:40]} 11. Ba3 {[%clk 1:15:36]} O-O
{[%clk 0:58:14]} 12. Bxd6 {[%clk 1:14:56]} Qxd6 {[%clk 0:58:39]} 13. Be2
{[%clk 1:13:48]} b6 {[%clk 0:51:08]} 14. O-O {[%clk 1:12:09]} Bb7
{[%clk 0:48:52]} 15. Rfd1 {[%clk 1:10:41]} Rac8 {[%clk 0:39:31]} 16. Rac1
{[%clk 0:49:39]} Na5 {[%clk 0:26:26]} 17. Qb1 {[%clk 0:39:25]} Bd5
{[%clk 0:15:57]} 18. Bd3 {[%clk 0:32:58]} Bxf3 {[%clk 0:09:11]} 19. gxf3
{[%clk 0:33:21]} f5 {[%clk 0:08:39]} 20. Kh1 {[%clk 0:32:13]} Qf4
{[%clk 0:04:26]} 21. Be2 {[%clk 0:31:55]} Qh4 {[%clk 0:03:46]} 22. Rg1
{[%clk 0:27:58]} Qxf2 {[%clk 0:03:09]} 23. Qb5 {[%clk 0:23:44]} Nc6
{[%clk 0:01:11]} 24. Rg2 {[%clk 0:21:17]} Qe3 {[%clk 0:00:55]} 25. Rcg1
{[%clk 0:21:30]} g6 {[%clk 0:00:44]} 26. d5 {[%clk 0:20:49]} exd5
{[%clk 0:00:47]} 27. Qxd5+ {[%clk 0:21:12]} Kg7 {[%clk 0:00:47]} 28. Ba6
{[%clk 0:19:13]} Rc7 {[%clk 0:00:34]} 29. Qd6 {[%clk 0:19:22]} Qe7
{[%clk 0:00:33]} 30. Rxg6+ {[%clk 0:19:03]} Kh8 {[%clk 0:00:34]} 31. Qf4
{[%clk 0:15:34]} Ne5 {[%clk 0:00:35]} 32. R6g5 {[%clk 0:10:35]} Ng6
{[%clk 0:00:33]} 33. Rxg6 {[%clk 0:10:41]} hxg6 {[%clk 0:00:34]} 34. Qh6+
{[%clk 0:11:06]} Kg8 {[%clk 0:00:32]} 35. Qxg6+ {[%clk 0:11:06]} Qg7
{[%clk 0:00:40]} 36. Qe6+ {[%clk 0:09:53]} Rff7 {[%clk 0:00:34]} 37. Qe8+
{[%clk 0:07:44]} Kh7 {[%clk 0:00:33]} 38. Rxg7+ {[%clk 0:08:03]} Kxg7
{[%clk 0:00:34]} 39. Qe5+ {[%clk 0:08:22]} Kg6 {[%clk 0:00:35]} 40. Bd3
{[%clk 0:38:28]} Rc5 {[%clk 0:30:35]} 41. Qe8 {[%clk 0:36:52]} Kg7
{[%clk 0:27:35]} 42. Kg2 {[%clk 0:34:37]} f4 {[%clk 0:26:56]} 43. Kf2
{[%clk 0:34:46]} Rcc7 {[%clk 0:20:12]} 44. Qe5+ {[%clk 0:34:15]} Kf8
{[%clk 0:19:38]} 45. Bg6 {[%clk 0:34:02]} Rfd7 {[%clk 0:19:14]} 46. Qxf4+
{[%clk 0:33:43]} Ke7 {[%clk 0:19:18]} 47. Bf5 {[%clk 0:33:23]} 1-0

[Event "WCO 2016"]
[Site "?"]
[Date "2016.09.09"]
[Round "7"]
[Board "22"]
[WhiteID "13800752"]
[White "Omurbekova Diana"]
[BlackID "7901160"]
[Black "Hamza Amira"]
[Result "1-0"]
[BlackElo "1918"]
[WhiteElo "1868"]
[LiveChessVersion "1.4.8"]

1. e4 {[%clk 1:30:48]} e6 {[%clk 1:30:31]} 2. d3 {[%clk 1:31:14]} d5
{[%clk 1:30:56]} 3. Nd2 {[%clk 1:31:40]} Nf6 {[%clk 1:31:10]} 4. Ngf3
{[%clk 1:32:06]} Nc6 {[%clk 1:31:21]} 5. g3 {[%clk 1:32:26]} dxe4
{[%clk 1:30:47]} 6. dxe4 {[%clk 1:32:42]} Bc5 {[%clk 1:29:35]} 7. Bg2
{[%clk 1:32:31]} O-O {[%clk 1:28:40]} 8. O-O {[%clk 1:32:45]} e5 {[%clk 1:27:48]}
9. c3 {[%clk 1:32:35]} a5 {[%clk 1:23:01]} 10. Qc2 {[%clk 1:31:44]} b6
{[%clk 1:21:04]} 11. Nc4 {[%clk 1:30:04]} Ba6 {[%clk 1:10:39]} 12. Rd1
{[%clk 1:28:34]} Qe7 {[%clk 1:09:47]} 13. Ne3 {[%clk 1:27:41]} Bxe3
{[%clk 1:04:21]} 14. Bxe3 {[%clk 1:27:50]} Rfd8 {[%clk 1:01:03]} 15. h3
{[%clk 1:24:29]} Nd7 {[%clk 0:56:24]} 16. a3 {[%clk 1:15:17]} Nc5
{[%clk 0:46:25]} 17. Bxc5 {[%clk 1:06:26]} Qxc5 {[%clk 0:45:58]} 18. Rd5
{[%clk 1:04:18]} Rxd5 {[%clk 0:37:02]} 19. exd5 {[%clk 1:04:38]} Nd4
{[%clk 0:36:00]} 20. Nxd4 {[%clk 0:50:39]} exd4 {[%clk 0:35:31]} 21. c4
{[%clk 0:46:48]} Re8 {[%clk 0:27:18]} 22. Bf1 {[%clk 0:41:40]} Qd6
{[%clk 0:19:20]} 23. b4 {[%clk 0:36:04]} Qf6 {[%clk 0:16:45]} 24. Qd3
{[%clk 0:32:58]} c5 {[%clk 0:14:56]} 25. dxc6 {[%clk 0:32:47]} Qxc6
{[%clk 0:15:18]} 26. b5 {[%clk 0:32:16]} Bxb5 {[%clk 0:12:17]} 27. cxb5
{[%clk 0:32:38]} Qc5 {[%clk 0:12:07]} 28. Rd1 {[%clk 0:29:15]} Rd8
{[%clk 0:11:58]} 29. Rd2 {[%clk 0:29:06]} g6 {[%clk 0:10:50]} 30. Rc2
{[%clk 0:29:11]} Qe5 {[%clk 0:11:04]} 31. Rc6 {[%clk 0:26:11]} Rb8
{[%clk 0:11:00]} 32. f4 {[%clk 0:24:04]} Qe1 {[%clk 0:09:07]} 33. Kg2
{[%clk 0:22:57]} Qa1 {[%clk 0:07:38]} 34. Qb3 {[%clk 0:18:44]} Rb7
{[%clk 0:05:15]} 35. Qd5 {[%clk 0:17:30]} Qb2+ {[%clk 0:04:30]} 36. Kg1
{[%clk 0:17:27]} Rb8 {[%clk 0:04:01]} 37. Rc7 {[%clk 0:12:56]} Rf8
{[%clk 0:04:07]} 38. a4 {[%clk 0:09:32]} Qd2 {[%clk 0:03:49]} 39. Re7
{[%clk 0:09:24]} Qc3 {[%clk 0:03:36]} 40. Kf2 {[%clk 0:36:30]} Qc2+
{[%clk 0:33:18]} 41. Be2 {[%clk 0:35:43]} Qxa4 {[%clk 0:29:28]} 42. Re4
{[%clk 0:35:04]} Qc2 {[%clk 0:27:37]} 43. Qxd4 {[%clk 0:34:27]} Rc8
{[%clk 0:27:13]} 44. Re3 {[%clk 0:31:25]} Qc1 {[%clk 0:26:21]} 45. Qxb6
{[%clk 0:31:00]} Qh1 {[%clk 0:26:20]} 46. Qxa5 {[%clk 0:26:37]} Qh2+
{[%clk 0:22:53]} 47. Kf3 {[%clk 0:25:09]} Qxh3 {[%clk 0:22:45]} 48. Qa1
{[%clk 0:23:57]} h5 {[%clk 0:19:01]} 49. Qf1 {[%clk 0:21:42]} Qf5
{[%clk 0:18:14]} 50. Re5 {[%clk 0:20:59]} Rc3+ {[%clk 0:16:18]} 51. Kf2
{[%clk 0:19:29]} Qd7 {[%clk 0:15:50]} 52. Qd1 {[%clk 0:19:13]} Qh3
{[%clk 0:12:51]} 53. Qd8+ {[%clk 0:16:31]} Kh7 {[%clk 0:12:22]} 54. Qh4
{[%clk 0:16:20]} Qd7 {[%clk 0:12:14]} 55. Qe7 {[%clk 0:15:39]} Qd4+
{[%clk 0:12:11]} 56. Re3 {[%clk 0:15:36]} h4 {[%clk 0:08:13]} 57. Qxh4+
{[%clk 0:14:40]} Kg8 {[%clk 0:08:33]} 58. Qe7 {[%clk 0:14:53]} f5
{[%clk 0:08:12]} 59. Qe8+ {[%clk 0:14:37]} Kh7 {[%clk 0:08:28]} 60. Qe5
{[%clk 0:13:34]} 1-0

[Event "WCO 2016"]
[Site "?"]
[Date "2016.09.09"]
[Round "7"]
[Board "23"]
[WhiteID "7900880"]
[White "Abdi Zineb Dina"]
[BlackID "13800043"]
[Black "Alymbay Kyzy Aizhan"]
[Result "1-0"]
[BlackElo "1913"]
[WhiteElo "1953"]
[LiveChessVersion "1.4.8"]

1. e4 {[%clk 1:29:57]} c6 {[%clk 1:30:30]} 2. d4 {[%clk 1:30:23]} d5
{[%clk 1:30:56]} 3. Nc3 {[%clk 1:30:51]} dxe4 {[%clk 1:30:54]} 4. Nxe4
{[%clk 1:31:16]} Bf5 {[%clk 1:31:18]} 5. Ng3 {[%clk 1:31:43]} Bg6
{[%clk 1:31:42]} 6. h4 {[%clk 1:31:49]} h6 {[%clk 1:32:06]} 7. Nf3
{[%clk 1:32:10]} Nd7 {[%clk 1:32:19]} 8. h5 {[%clk 1:32:33]} Bh7 {[%clk 1:32:44]}
9. Bd3 {[%clk 1:32:51]} Bxd3 {[%clk 1:33:08]} 10. Qxd3 {[%clk 1:33:18]} e6
{[%clk 1:33:29]} 11. Bd2 {[%clk 1:33:32]} Ngf6 {[%clk 1:33:53]} 12. O-O-O
{[%clk 1:33:26]} Be7 {[%clk 1:34:13]} 13. Kb1 {[%clk 1:33:49]} O-O
{[%clk 1:34:35]} 14. Ne4 {[%clk 1:33:36]} Nxe4 {[%clk 1:34:58]} 15. Qxe4
{[%clk 1:34:03]} Nf6 {[%clk 1:35:21]} 16. Qe2 {[%clk 1:34:22]} Qd5
{[%clk 1:35:45]} 17. Be3 {[%clk 1:34:00]} Ng4 {[%clk 1:35:50]} 18. Bf4
{[%clk 1:06:06]} a5 {[%clk 1:30:20]} 19. Ne5 {[%clk 1:01:06]} Nxe5
{[%clk 1:25:49]} 20. dxe5 {[%clk 0:58:26]} Qc5 {[%clk 1:22:16]} 21. Rh3
{[%clk 0:53:54]} Rfd8 {[%clk 1:18:54]} 22. Re1 {[%clk 0:31:31]} Qb4
{[%clk 1:02:36]} 23. Bc1 {[%clk 0:30:05]} Qd4 {[%clk 0:36:27]} 24. Rd3
{[%clk 0:25:16]} Qb6 {[%clk 0:31:35]} 25. Rg3 {[%clk 0:22:21]} Kh8
{[%clk 0:29:36]} 26. Qg4 {[%clk 0:18:41]} Rg8 {[%clk 0:29:58]} 27. Be3
{[%clk 0:08:51]} Qb4 {[%clk 0:20:03]} 28. Qe2 {[%clk 0:06:44]} Bc5
{[%clk 0:11:16]} 29. a3 {[%clk 0:03:51]} Qb6 {[%clk 0:11:32]} 30. Rf3
{[%clk 0:02:31]} Rgf8 {[%clk 0:09:38]} 31. Rd1 {[%clk 0:00:38]} Bxe3
{[%clk 0:06:38]} 32. Qxe3 {[%clk 0:01:00]} Qxe3 {[%clk 0:05:17]} 33. Rxe3
{[%clk 0:01:24]} Rfd8 {[%clk 0:05:40]} 34. Red3 {[%clk 0:00:59]} Rd5
{[%clk 0:05:53]} 35. f4 {[%clk 0:00:46]} Rad8 {[%clk 0:06:13]} 36. Kc1
{[%clk 0:00:33]} Kg8 {[%clk 0:05:50]} 37. Rxd5 {[%clk 0:00:47]} Rxd5
{[%clk 0:05:43]} 38. Rxd5 {[%clk 0:00:42]} exd5 {[%clk 0:05:51]} 39. Kd2
{[%clk 0:00:52]} Kf8 {[%clk 0:06:08]} 40. Kd3 {[%clk 0:30:59]} Ke7
{[%clk 0:35:27]} 41. g4 {[%clk 0:26:28]} Ke6 {[%clk 0:31:28]} 42. Kd4
{[%clk 0:23:32]} g6 {[%clk 0:31:28]} 43. g5 {[%clk 0:21:37]} f6 {[%clk 0:20:54]}
44. gxh6 {[%clk 0:18:25]} Kf7 {[%clk 0:21:17]} 45. e6+ {[%clk 0:17:52]} 1-0

[Event "WCO 2016"]
[Site "?"]
[Date "2016.09.09"]
[Round "7"]
[Board "24"]
[WhiteID "13803603"]
[White "Zairbek kyzy Begimay"]
[BlackID "7901631"]
[Black "Toubal Hayat"]
[Result "1/2-1/2"]
[BlackElo "1921"]
[WhiteElo "1836"]
[LiveChessVersion "1.4.8"]

1. e4 {[%clk 1:30:58]} c6 {[%clk 1:30:56]} 2. d4 {[%clk 1:30:49]} d5
{[%clk 1:31:19]} 3. e5 {[%clk 1:31:05]} Bf5 {[%clk 1:31:37]} 4. g4
{[%clk 1:29:55]} Bg6 {[%clk 1:30:46]} 5. Bd3 {[%clk 1:29:45]} Bxd3
{[%clk 1:29:58]} 6. Qxd3 {[%clk 1:30:09]} e6 {[%clk 1:30:12]} 7. c3
{[%clk 1:28:54]} Nd7 {[%clk 1:28:23]} 8. Ne2 {[%clk 1:25:37]} c5 {[%clk 1:24:51]}
9. Nd2 {[%clk 1:22:54]} Ne7 {[%clk 1:19:25]} 10. a3 {[%clk 1:15:51]} c4
{[%clk 1:10:36]} 11. Qg3 {[%clk 1:12:30]} Nc6 {[%clk 1:08:33]} 12. f4
{[%clk 1:09:24]} Be7 {[%clk 1:06:30]} 13. Nf3 {[%clk 1:09:14]} Qb6
{[%clk 1:05:14]} 14. Qg2 {[%clk 1:05:50]} Na5 {[%clk 1:03:56]} 15. Ng3
{[%clk 1:05:15]} Nb3 {[%clk 0:57:34]} 16. Rb1 {[%clk 1:04:43]} Nxc1
{[%clk 0:57:30]} 17. Rxc1 {[%clk 1:04:58]} a5 {[%clk 0:51:29]} 18. f5
{[%clk 1:02:10]} a4 {[%clk 0:49:07]} 19. O-O {[%clk 0:57:29]} h6 {[%clk 0:37:01]}
20. Rce1 {[%clk 0:56:41]} O-O-O {[%clk 0:34:00]} 21. Rb1 {[%clk 0:47:34]} Rdf8
{[%clk 0:27:55]} 22. Kh1 {[%clk 0:44:44]} Rfg8 {[%clk 0:25:36]} 23. fxe6
{[%clk 0:38:00]} fxe6 {[%clk 0:23:45]} 24. Qc2 {[%clk 0:37:41]} Qc6
{[%clk 0:15:38]} 25. Qg6 {[%clk 0:35:03]} Nf8 {[%clk 0:11:56]} 26. Qf7
{[%clk 0:33:54]} Qd7 {[%clk 0:11:00]} 27. Ng1 {[%clk 0:32:13]} g5
{[%clk 0:04:36]} 28. Nh5 {[%clk 0:29:44]} Rg6 {[%clk 0:04:13]} 29. Ne2
{[%clk 0:26:58]} Rh7 {[%clk 0:03:12]} 30. Qf3 {[%clk 0:27:11]} Rg8
{[%clk 0:02:36]} 31. Qe3 {[%clk 0:18:20]} Ng6 {[%clk 0:02:15]} 32. Nf6
{[%clk 0:18:20]} Bxf6 {[%clk 0:02:41]} 33. Rxf6 {[%clk 0:18:37]} Rf7
{[%clk 0:02:31]} 34. Qf2 {[%clk 0:17:20]} Rgf8 {[%clk 0:02:43]} 35. Rf1
{[%clk 0:15:48]} Rxf6 {[%clk 0:01:26]} 36. exf6 {[%clk 0:16:11]} Rf7
{[%clk 0:01:19]} 37. Qe3 {[%clk 0:15:21]} Qd6 {[%clk 0:01:17]} 38. Ng3
{[%clk 0:13:43]} Nf4 {[%clk 0:00:51]} 39. Nf5 {[%clk 0:13:46]} Qf8
{[%clk 0:01:10]} 40. Rxf4 {[%clk 0:40:59]} gxf4 {[%clk 0:30:58]} 41. Qxe6+
{[%clk 0:41:11]} Kb8 {[%clk 0:26:09]} 42. Qe5+ {[%clk 0:36:29]} Ka8
{[%clk 0:25:54]} 43. Qxd5 {[%clk 0:33:26]} Rxf6 {[%clk 0:25:38]} 44. Qxc4
{[%clk 0:32:37]} Qe8 {[%clk 0:26:01]} 45. d5 {[%clk 0:31:39]} f3 {[%clk 0:23:59]}
46. Kg1 {[%clk 0:30:22]} h5 {[%clk 0:18:45]} 47. h3 {[%clk 0:28:57]} hxg4
{[%clk 0:12:51]} 48. hxg4 {[%clk 0:23:58]} Rxf5 {[%clk 0:10:25]} 49. gxf5
{[%clk 0:23:10]} Qe1+ {[%clk 0:10:50]} 50. Qf1 {[%clk 0:22:04]} Qg3+
{[%clk 0:11:07]} 51. Kh1 {[%clk 0:22:19]} Qh4+ {[%clk 0:11:09]} 1/2-1/2